000
00332nam a2200133Ia 4500
008
150201s2007 xx 000 0 und d
082
_a
612
_b
M07Z
100
_a
ZINGADE,US
245
_a
MANUAL OF PRACTICAL PHYSIOLOGY
250
_a
1ST
260
_b
JAYPEE BROTHERS
_a
DELHI
_c
2007
650
_a
HUMAN PHYSIOLOGY
942
_2
ddc
_c
BK
_0
12
999
_c
1204
_d
1204